| 000 | 00517nam a2200217 a 4500 | ||
|---|---|---|---|
| 999 |
_c6433 _d6433 |
||
| 001 | 6433 | ||
| 003 | BD-JhCC | ||
| 005 | 20180305121330.0 | ||
| 008 | 180123s1977 ii |||| || | 000 0 eng d | ||
| 035 | _a(BD-JhCC)6433 | ||
| 040 |
_aBD-JhCC _dBD-JhCC |
||
| 041 | _aeng | ||
| 082 |
_a297 _bSEC 1977 |
||
| 245 | _a The Second Book of Islam / | ||
| 260 |
_aNew Delhi : _bKitab Bhavan, _c1977 |
||
| 300 |
_a60 p. : _c18 cm. |
||
| 650 |
_aIslam _xDoctrines |
||
| 650 | _afasting | ||
| 942 |
_2ddc _cBK |
||